[Event "6. Open Internacional de Galapagar"]
[Site "Galapagar ESP"]
[Date "2005.07.26"]
[Round "4.9"]
[White "Fernandez de Pablo, Miguel Angel"]
[Black "Rueda Erazo, Juan Carlos"]
[Result "1-0"]
[WhiteElo "2222"]
[BlackElo "1979"]
[PlyCount "105"]
[EventDate "2005.07.23"]
[EventType "swiss"]
[EventRounds "9"]
[EventCountry "ESP"]
[Source "lmi"]
[SourceDate "2005.07.30"]

1. e4 c5 2. Nf3 d6 3. d4 cxd4 4. Nxd4 Nf6 5. Nc3 a6 6. Bg5 e6 7. f4 Qb6 8. f5
Qxb2 9. Na4 Qa3 10. c3 Bd7 11. fxe6 fxe6 12. Nxe6 Bxa4 13. Qf3 Qb2 14. Rc1 Nbd7
15. Nc7+ Kd8 16. Nxa8 Kc8 17. Be2 Kb8 18. O-O Kxa8 19. Rb1 Qa3 20. Bxa6 Bc6 21.
Bxf6 gxf6 22. Be2 Rg8 23. Rb4 Qa7+ 24. Kh1 Qc5 25. Qh3 Qg5 26. Bc4 d5 27. exd5
Bxd5 28. Bxd5 Qxd5 29. Rd4 Qb5 30. c4 Qe5 31. Rxd7 Bd6 32. Rxh7 Ka7 33. Qf3 Bc7
34. Qxf6 Qe4 35. Rg7 Rc8 36. Qf3 Qxc4 37. Rb1 b6 38. Rg4 Qc2 39. Qb3 Qh7 40. g3
Qf5 41. Qa4+ Kb8 42. Qe4 Qc5 43. Rg6 Rh8 44. Rc6 Qf2 45. Qg2 Qd4 46. Rbc1 Rh7
47. R6c4 Qd3 48. R4c3 Qd6 49. a4 Ka7 50. Rc6 Qe5 51. a5 bxa5 52. Rb1 a4 53.
Ra6+ 1-0

[Event "6. Open Internacional de Galapagar"]
[Site "Galapagar ESP"]
[Date "2005.07.26"]
[Round "4.11"]
[White "Rabadan Velasco, Raul"]
[Black "Menor Villamor, Jose Carlos"]
[Result "1-0"]
[WhiteElo "2236"]
[BlackElo "2045"]
[PlyCount "49"]
[EventDate "2005.07.23"]
[EventType "swiss"]
[EventRounds "9"]
[EventCountry "ESP"]
[Source "lmi"]
[SourceDate "2005.07.30"]

1. e4 d5 2. exd5 Qxd5 3. Nc3 Qa5 4. d4 Nf6 5. Bd2 Qb6 6. Nf3 Bf5 7. Bc4 e6 8.
Qe2 c6 9. O-O-O Bb4 10. Ne5 Nbd7 11. Nxd7 Nxd7 12. g4 Bg6 13. a3 Bxc3 14. Bxc3
O-O-O 15. f4 Qc7 16. Rhf1 Nf6 17. Be1 h5 18. f5 exf5 19. gxf5 Rhe8 20. Qg2 Ng4
21. fxg6 Ne3 22. Qh3+ f5 23. Bg3 Qa5 24. Bd3 Rf8 25. Be1 1-0

[Event "6. Open Internacional de Galapagar"]
[Site "Galapagar ESP"]
[Date "2005.07.26"]
[Round "4.12"]
[White "Del Alamo Jimenez Montill, Elias"]
[Black "Perez Marco, Ricardo"]
[Result "0-1"]
[WhiteElo "2034"]
[BlackElo "2231"]
[PlyCount "72"]
[EventDate "2005.07.23"]
[EventType "swiss"]
[EventRounds "9"]
[EventCountry "ESP"]
[Source "lmi"]
[SourceDate "2005.07.30"]

1. Nf3 e6 2. g3 f5 3. Bg2 Nf6 4. d3 Be7 5. b3 O-O 6. Bb2 Nc6 7. Nbd2 b6 8. O-O
Bb7 9. e4 fxe4 10. dxe4 d6 11. c4 e5 12. a3 Qe8 13. Qc2 Qh5 14. Rfe1 Bc8 15.
Nf1 Bg4 16. Nh4 Nd7 17. Nf5 Rae8 18. N1e3 Bf3 19. Nd5 Bd8 20. Bxf3 Qxf3 21. Qe2
Qxe2 22. Rxe2 Nc5 23. b4 Nxe4 24. Nxg7 Nxg3 25. hxg3 Kxg7 26. f4 Nd4 27. Bxd4
exd4 28. Rxe8 Rxe8 29. b5 Re2 30. Rd1 Ra2 31. Rd3 h5 32. f5 Bg5 33. Nxc7 Be3+
34. Kh1 Kf6 35. Nd5+ Kxf5 36. Nxe3+ Ke4 0-1

[Event "6. Open Internacional de Galapagar"]
[Site "Galapagar ESP"]
[Date "2005.07.26"]
[Round "4.14"]
[White "Pastor Alonso de Prado, Alberto"]
[Black "Cuadrado Garcia, Jorge"]
[Result "1-0"]
[WhiteElo "2257"]
[BlackElo "2013"]
[PlyCount "60"]
[EventDate "2005.07.23"]
[EventType "swiss"]
[EventRounds "9"]
[EventCountry "ESP"]
[Source "lmi"]
[SourceDate "2005.07.30"]

1. d4 Nf6 2. Nf3 g6 3. Bg5 Bg7 4. e3 d6 5. c4 O-O 6. Nc3 h6 7. Bh4 Bf5 8. h3
Ne4 9. Nxe4 Bxe4 10. Bd3 Bxd3 11. Qxd3 Re8 12. O-O g5 13. Bg3 c5 14. Rad1 Qb6
15. dxc5 dxc5 16. Be5 Bxe5 17. Nxe5 Qf6 18. f4 Nc6 19. Ng4 Qg7 20. fxg5 hxg5
21. Qf5 f6 22. Qxc5 Rad8 23. Qb5 Rxd1 24. Rxd1 e6 25. Rd7 Re7 26. Qxb7 Rxd7 27.
Qxd7 Nb4 28. Qxe6+ Kh8 29. Nxf6 Qf8 30. Qe5 Nxa2 1-0

[Event "6. Open Internacional de Galapagar"]
[Site "Galapagar ESP"]
[Date "2005.07.27"]
[Round "5.1"]
[White "Longa Yauca, Javier"]
[Black "Moreno Ruiz, Javier"]
[Result "0-1"]
[WhiteElo "2318"]
[BlackElo "2503"]
[PlyCount "58"]
[EventDate "2005.07.23"]
[EventType "swiss"]
[EventRounds "9"]
[EventCountry "ESP"]
[Source "lmi"]
[SourceDate "2005.07.30"]

1. d4 e6 2. Nf3 f5 3. c4 Nf6 4. g3 d5 5. Bg2 c6 6. O-O Bd6 7. Bg5 h6 8. Bxf6
Qxf6 9. Nc3 O-O 10. Qb3 Kh8 11. Rad1 Nd7 12. e3 b6 13. Qa4 Nb8 14. Ne5 Bxe5 15.
dxe5 Qxe5 16. Qa3 Nd7 17. Qe7 Qf6 18. Qd6 Ne5 19. cxd5 cxd5 20. Rd4 Ba6 21.
Rfd1 Nc4 22. Qb4 Na5 23. Qa3 Bb7 24. Nb5 Nc6 25. R4d2 Rad8 26. h4 a6 27. Nd6
Ba8 28. g4 fxg4 29. e4 Ne5 0-1

[Event "6. Open Internacional de Galapagar"]
[Site "Galapagar ESP"]
[Date "2005.07.27"]
[Round "5.3"]
[White "Almagro Llanas, Pablo"]
[Black "Cruz, Filemon"]
[Result "1/2-1/2"]
[WhiteElo "2317"]
[BlackElo "2370"]
[PlyCount "25"]
[EventDate "2005.07.23"]
[EventType "swiss"]
[EventRounds "9"]
[EventCountry "ESP"]
[Source "lmi"]
[SourceDate "2005.07.30"]

1. e4 e5 2. Nf3 Nf6 3. Nxe5 d6 4. Nf3 Nxe4 5. Nc3 Nxc3 6. dxc3 Be7 7. Bd3 Nd7
8. Nd4 Nc5 9. Bf5 O-O 10. Qg4 Bf6 11. Be3 Re8 12. O-O-O Ne6 13. Rhe1 1/2-1/2

[Event "6. Open Internacional de Galapagar"]
[Site "Galapagar ESP"]
[Date "2005.07.27"]
[Round "5.4"]
[White "Gonzalez, Yuri"]
[Black "Fernandez de Pablo, Miguel Angel"]
[Result "1-0"]
[WhiteElo "2496"]
[BlackElo "2222"]
[PlyCount "29"]
[EventDate "2005.07.23"]
[EventType "swiss"]
[EventRounds "9"]
[EventCountry "ESP"]
[Source "lmi"]
[SourceDate "2005.07.30"]

1. e4 c5 2. Nf3 Nc6 3. Nc3 Nf6 4. Bb5 e5 5. Bxc6 dxc6 6. Nxe5 Nxe4 7. Nxe4 Qd5
8. d3 Qxe5 9. f4 Qc7 10. O-O Be7 11. f5 Qe5 12. Qf3 Bd7 13. Bd2 f6 14. Rae1 O-O
15. Nf2 1-0

[Event "6. Open Internacional de Galapagar"]
[Site "Galapagar ESP"]
[Date "2005.07.27"]
[Round "5.5"]
[White "Roa Alonso, Santiago"]
[Black "Rodriguez Cordon, Luis Jose"]
[Result "1-0"]
[WhiteElo "2383"]
[BlackElo "2250"]
[PlyCount "65"]
[EventDate "2005.07.23"]
[EventType "swiss"]
[EventRounds "9"]
[EventCountry "ESP"]
[Source "lmi"]
[SourceDate "2005.07.30"]

1. d4 Nf6 2. Nf3 g6 3. Nc3 d5 4. Bf4 Bg7 5. e3 O-O 6. h3 c5 7. Be2 Nc6 8. O-O
b6 9. Ne5 Bb7 10. Bf3 cxd4 11. exd4 Rc8 12. Re1 Na5 13. Qe2 Ne4 14. Nxe4 dxe4
15. Bxe4 Qxd4 16. Bxb7 Nxb7 17. Qf3 Rxc2 18. Rad1 Qa4 19. b3 Qa6 20. Nc6 Rc3
21. Nxe7+ Kh8 22. Re3 Rxe3 23. Bxe3 Nc5 24. Rd2 Ne6 25. Nc6 Qb7 26. Rc2 Qd7 27.
b4 Qd3 28. Qe2 Qxe2 29. Rxe2 Ra8 30. Rd2 a5 31. b5 Nc5 32. Bxc5 bxc5 33. b6 1-0

[Event "6. Open Internacional de Galapagar"]
[Site "Galapagar ESP"]
[Date "2005.07.27"]
[Round "5.6"]
[White "Cabañas Bravo, Juan Andres"]
[Black "Petkov, Vladimir"]
[Result "0-1"]
[WhiteElo "2140"]
[BlackElo "2475"]
[PlyCount "62"]
[EventDate "2005.07.23"]
[EventType "swiss"]
[EventRounds "9"]
[EventCountry "ESP"]
[Source "lmi"]
[SourceDate "2005.07.30"]

1. e4 c5 2. Nf3 d6 3. d4 cxd4 4. Nxd4 Nf6 5. Nc3 a6 6. Bg5 e6 7. f4 h6 8. Bh4
Be7 9. Qf3 Nbd7 10. Bc4 g5 11. fxg5 Ne5 12. Qe2 Nfg4 13. Bb3 Bxg5 14. Bg3 h5
15. h4 Bh6 16. Rd1 Qc7 17. O-O Bd7 18. Bxe5 Nxe5 19. Kh1 O-O-O 20. Nf3 Ng4 21.
Rd3 Qc5 22. Nd5 Kb8 23. Rc3 Bb5 24. Qe1 Qa7 25. Ng5 Bxf1 26. Nxf7 Rdf8 27. Qg3
Nf2+ 28. Kh2 Nxe4 29. Ne5 exd5 30. Nd7+ Ka8 31. Qg6 Bf4+ 0-1

[Event "6. Open Internacional de Galapagar"]
[Site "Galapagar ESP"]
[Date "2005.07.27"]
[Round "5.8"]
[White "Serrano Salvador, Eduardo"]
[Black "Garcia Galeote, Lorenzo"]
[Result "1-0"]
[WhiteElo "2344"]
[BlackElo "2110"]
[PlyCount "59"]
[EventDate "2005.07.23"]
[EventType "swiss"]
[EventRounds "9"]
[EventCountry "ESP"]
[Source "lmi"]
[SourceDate "2005.07.30"]

1. d4 Nc6 2. c4 e5 3. d5 Nce7 4. e4 Ng6 5. Be3 Nf6 6. f3 Bb4+ 7. Nd2 O-O 8. a3
Bxd2+ 9. Qxd2 d6 10. Bd3 Nh5 11. Ne2 h6 12. O-O-O a6 13. g4 Nhf4 14. Nxf4 exf4
15. Bxf4 Qf6 16. Be3 Qxf3 17. Rdf1 Qh3 18. Rfg1 Ne5 19. Rg3 Qh4 20. g5 Nxc4 21.
Bxc4 Qxe4 22. Qd4 Qxh1+ 23. Rg1 Qxh2 24. Bf4 Qh3 25. gxh6 f6 26. Rxg7+ Kh8 27.
Qg1 Qf5 28. Qg3 Qe4 29. Bd3 Qh1+ 30. Kc2 1-0

[Event "6. Open Internacional de Galapagar"]
[Site "Galapagar ESP"]
[Date "2005.07.27"]
[Round "5.13"]
[White "Hernandez Yañez, Javier"]
[Black "Pastor Alonso de Prado, Alberto"]
[Result "0-1"]
[WhiteElo "2005"]
[BlackElo "2206"]
[PlyCount "70"]
[EventDate "2005.07.23"]
[EventType "swiss"]
[EventRounds "9"]
[EventCountry "ESP"]
[Source "lmi"]
[SourceDate "2005.07.30"]

1. d4 d5 2. c4 e6 3. Nc3 Nf6 4. Nf3 Be7 5. Bf4 c5 6. e3 a6 7. h3 Nc6 8. dxc5
Bxc5 9. a3 O-O 10. Qc2 Qe7 11. Be2 dxc4 12. Bxc4 b5 13. Ba2 Bb7 14. O-O Rac8
15. Rfd1 Rfd8 16. Bg5 Ba7 17. Rxd8+ Nxd8 18. Qe2 h6 19. Bh4 b4 20. axb4 Qxb4
21. Bxf6 gxf6 22. Rd1 Qe7 23. Nd4 f5 24. e4 fxe4 25. Nxe4 Qh4 26. Qg4+ Qxg4 27.
Nf6+ Kg7 28. Nxg4 h5 29. Nxe6+ fxe6 30. Rd7+ Kg6 31. Bb1+ Kg5 32. Rg7+ Kh4 33.
Kh2 hxg4 34. Rxg4+ Kh5 35. Rg6 Bb8+ 0-1

[Event "6. Open Internacional de Galapagar"]
[Site "Galapagar ESP"]
[Date "2005.07.27"]
[Round "5.18"]
[White "Martinez Alvarez, Carlos"]
[Black "Bermejo Collado, Julian"]
[Result "0-1"]
[WhiteElo "1960"]
[BlackElo "2318"]
[PlyCount "64"]
[EventDate "2005.07.23"]
[EventType "swiss"]
[EventRounds "9"]
[EventCountry "ESP"]
[Source "lmi"]
[SourceDate "2005.07.30"]

1. e4 c5 2. Nf3 e6 3. d4 cxd4 4. Nxd4 a6 5. Nc3 Qc7 6. Be3 Bb4 7. Qd2 Nf6 8.
Bd3 d5 9. f3 e5 10. Rd1 dxe4 11. fxe4 exd4 12. Bxd4 Bg4 13. O-O Bxd1 14. Qg5
Nbd7 15. Nd5 Nxd5 16. exd5 f6 17. Qe3+ Ne5 18. Rxd1 Rc8 19. Bf5 O-O 20. Kh1 Bc5
21. Qh3 g6 22. Be6+ Kg7 23. Be3 Rcd8 24. Bd2 Nf7 25. Qh4 Bd6 26. Rf1 Be5 27. c3
Ng5 28. Be3 h5 29. d6 Rxd6 30. Bb3 Rfd8 31. Qe1 R6d7 32. Bg1 h4 0-1

[Event "6. Open Internacional de Galapagar"]
[Site "Galapagar ESP"]
[Date "2005.07.28"]
[Round "6.2"]
[White "Almagro Llamas, Pablo"]
[Black "Almeida Quintana, Omar"]
[Result "1/2-1/2"]
[WhiteElo "2317"]
[BlackElo "2462"]
[PlyCount "52"]
[EventDate "2005.07.23"]
[EventType "swiss"]
[EventRounds "9"]
[EventCountry "ESP"]
[Source "lmi"]
[SourceDate "2005.07.30"]

1. e4 Nf6 2. e5 Nd5 3. d4 d6 4. Nf3 Bg4 5. Be2 e6 6. O-O Be7 7. c4 Nb6 8. exd6
cxd6 9. Nc3 O-O 10. b3 a5 11. Be3 d5 12. h3 Bxf3 13. Bxf3 Nc6 14. cxd5 exd5 15.
Na4 Bf6 16. Rc1 Nc8 17. Nc5 b6 18. Ne4 N8a7 19. Nxf6+ Qxf6 20. Qd3 Rfd8 21. Rc3
Rac8 22. Rfc1 Nb4 23. Qd2 Rxc3 24. Rxc3 h6 25. a3 Nbc6 26. Qd3 Qd6 1/2-1/2

[Event "6. Open Internacional de Galapagar"]
[Site "Galapagar ESP"]
[Date "2005.07.28"]
[Round "6.4"]
[White "Petkov, Vladimir"]
[Black "Elissalt Cardenas, Hector"]
[Result "0-1"]
[WhiteElo "2475"]
[BlackElo "2317"]
[PlyCount "162"]
[EventDate "2005.07.23"]
[EventType "swiss"]
[EventRounds "9"]
[EventCountry "ESP"]
[Source "lmi"]
[SourceDate "2005.07.30"]

1. d4 f5 2. g3 Nf6 3. Nf3 g6 4. c4 Bg7 5. b4 a5 6. b5 c5 7. Bb2 cxd4 8. Nxd4
O-O 9. Bg2 d6 10. O-O Qc7 11. Nc3 e5 12. b6 Qxb6 13. Ndb5 e4 14. Rb1 Na6 15.
Na4 Qc6 16. Nd4 Qc7 17. Nb5 Qc6 18. Qxd6 Be6 19. Nb6 Qxd6 20. Nxd6 Rad8 21. Ba3
Nb4 22. Nxb7 Rb8 23. Nxa5 Rxb6 24. Bxb4 Rfb8 25. a3 Bf8 26. Ra1 Rc8 27. Rfb1
Ra6 28. Rc1 Rca8 29. Nb3 Bxb4 30. axb4 Rxa1 31. Rxa1 Rxa1+ 32. Nxa1 Bxc4 33.
Bf1 Nd5 34. Nc2 Kf7 35. f4 Ke7 36. Kf2 Bb5 37. Nd4 Bd7 38. b5 Kd6 39. e3 Kc5
40. Be2 Nc3 41. Ke1 Nxe2 42. Kxe2 Bxb5+ 43. Kd2 Be8 44. Ne6+ Kc4 45. Nd4 Ba4
46. Ne2 Bd7 47. Nc3 Bc6 48. Nd1 Bd7 49. Nf2 h6 50. Nd1 Ba4 51. Nc3 Bc6 52. Ne2
Be8 53. Nd4 Bd7 54. h3 h5 55. Nc2 Kb3 56. Nd4+ Kc4 57. Ne2 Ba4 58. Nc3 Bc6 59.
Nd1 Be8 60. Nf2 Ba4 61. g4 h4 62. g5 Bb3 63. Nh1 Kb4 64. Nf2 Bc4 65. Nd1 Bf1
66. Nf2 Bg2 67. Kc2 Kc4 68. Kb2 Kb4 69. Kc2 Bf1 70. Kb2 Bb5 71. Nd1 Kc4 72. Nf2
Ba4 73. Ka3 Bc2 74. Kb2 Bd3 75. Kc1 Kc3 76. Nd1+ Kb3 77. Nf2 Bf1 78. Kd2 Bg2
79. Kc1 Kc3 80. Kd1 Bf3+ 81. Ke1 Kc2 0-1

[Event "6. Open Internacional de Galapagar"]
[Site "Galapagar ESP"]
[Date "2005.07.28"]
[Round "6.5"]
[White "Escobar Forero, Alder"]
[Black "Rabadan Velasco, Raul"]
[Result "0-1"]
[WhiteElo "2416"]
[BlackElo "2236"]
[PlyCount "76"]
[EventDate "2005.07.23"]
[EventType "swiss"]
[EventRounds "9"]
[EventCountry "ESP"]
[Source "lmi"]
[SourceDate "2005.07.30"]

1. e4 e6 2. d4 d5 3. e5 c5 4. c3 Nc6 5. Nf3 Bd7 6. dxc5 Bxc5 7. Bd3 Nge7 8. O-O
Ng6 9. Qe2 Bb6 10. Na3 Qb8 11. Re1 O-O 12. Nb5 a6 13. Nbd4 Bc7 14. Nxc6 bxc6
15. Ng5 Qe8 16. Qh5 h6 17. Nh3 f5 18. f4 c5 19. b3 Ba5 20. Bd2 Bb5 21. Qe2 Rd8
22. b4 Bb6 23. Be3 Qc6 24. Rac1 c4 25. Bb1 a5 26. a3 axb4 27. axb4 d4 28. cxd4
Bxd4 29. Qf2 Bxe3 30. Rxe3 Ne7 31. Qh4 Qb6 32. Qf2 Nd5 33. Re2 Qc6 34. Rb2 Ra8
35. g4 Ra3 36. Qg2 Qb6+ 37. Rf2 Qe3 38. Rd1 Qxh3 0-1

[Event "6. Open Internacional de Galapagar"]
[Site "Galapagar ESP"]
[Date "2005.07.28"]
[Round "6.7"]
[White "Davicce Cañada, Juan A."]
[Black "Serrano Salvador, Eduardo"]
[Result "0-1"]
[WhiteElo "2010"]
[BlackElo "2344"]
[PlyCount "142"]
[EventDate "2005.07.23"]
[EventType "swiss"]
[EventRounds "9"]
[EventCountry "ESP"]
[Source "lmi"]
[SourceDate "2005.07.30"]

1. d4 d5 2. c4 c6 3. Nf3 Nf6 4. e3 e6 5. Nc3 Nbd7 6. Qc2 h6 7. Bd3 Bd6 8. O-O
O-O 9. e4 dxe4 10. Nxe4 Nxe4 11. Bxe4 e5 12. Be3 exd4 13. Bxd4 Nc5 14. Bf5 Ne6
15. Be3 Qf6 16. Rad1 Bc7 17. Rd2 Ng5 18. Bxg5 Qxf5 19. Qxf5 Bxf5 20. Be3 Bg4
21. h3 Bxf3 22. gxf3 Rfd8 23. Rfd1 b6 24. Rd7 Kf8 25. R1d2 Rxd7 26. Rxd7 Rc8
27. Kf1 Ke8 28. Rd2 f5 29. Bd4 Rd8 30. Ke2 Kf7 31. Bc3 Rxd2+ 32. Kxd2 Bd8 33.
b3 g5 34. Be5 Bf6 35. Bb8 a6 36. Bc7 Bd4 37. Ke2 Ke6 38. a4 Bc5 39. Bd8 b5 40.
cxb5 cxb5 41. axb5 axb5 42. Bc7 Kd5 43. Bd8 Ke5 44. Ke1 Kd4 45. Kd2 Bb4+ 46.
Kc2 Bd6 47. Bf6+ Kc5 48. Bg7 h5 49. Bf6 Bf4 50. Be7+ Kd5 51. Kd3 h4 52. Ke2 Ke6
53. Bd8 Kd6 54. Bf6 Ke6 55. Bd8 Kf7 56. Kf1 Kg6 57. Kg2 Be5 58. Be7 Bf6 59. Bd6
Kf7 60. Kf1 Ke6 61. Bc7 Kd5 62. Ke2 Kc5 63. Kd3 Kb4 64. Kc2 Ka3 65. Bd6+ Ka2
66. Bc7 Bd4 67. Bd8 g4 68. fxg4 fxg4 69. Bxh4 gxh3 70. Bg3 Bxf2 71. Bh2 b4 0-1

[Event "6. Open Internacional de Galapagar"]
[Site "Galapagar ESP"]
[Date "2005.07.28"]
[Round "6.8"]
[White "Pastor Alonso de Prado, Alberto"]
[Black "Longa Yauca, Javier"]
[Result "0-1"]
[WhiteElo "2206"]
[BlackElo "2318"]
[PlyCount "40"]
[EventDate "2005.07.23"]
[EventType "swiss"]
[EventRounds "9"]
[EventCountry "ESP"]
[Source "lmi"]
[SourceDate "2005.07.30"]

1. d4 Nf6 2. Nf3 e6 3. Bg5 c5 4. c3 cxd4 5. cxd4 Qb6 6. Qc2 Nc6 7. Bxf6 gxf6 8.
e3 d5 9. Nc3 Bd7 10. Be2 Rc8 11. O-O Be7 12. Rad1 O-O 13. e4 dxe4 14. Qxe4 Qxb2
15. Qe3 Nb4 16. Ne4 Nd5 17. Qh6 Qxe2 18. Rfe1 Qc2 19. Rd2 Qc7 20. Rd3 Qf4 0-1

[Event "6. Open Internacional de Galapagar"]
[Site "Galapagar ESP"]
[Date "2005.07.29"]
[Round "7.1"]
[White "Almeida Quintana, Omar"]
[Black "Moreno Ruiz, Javier"]
[Result "1-0"]
[WhiteElo "2462"]
[BlackElo "2503"]
[PlyCount "67"]
[EventDate "2005.07.23"]
[EventType "swiss"]
[EventRounds "9"]
[EventCountry "ESP"]
[Source "lmi"]
[SourceDate "2005.07.30"]

1. d4 Nf6 2. Nf3 g6 3. c4 Bg7 4. Nc3 O-O 5. e4 d6 6. h3 e5 7. d5 Na6 8. Bg5 h6
9. Be3 Nc5 10. Nd2 a5 11. g4 c6 12. Be2 Bd7 13. h4 a4 14. g5 hxg5 15. hxg5 Nh7
16. Rg1 Qa5 17. Rc1 cxd5 18. cxd5 b5 19. f3 Rfc8 20. a3 Rab8 21. Na2 Bf8 22.
Kf2 Be7 23. Rg2 Bd8 24. Qh1 Bb6 25. Nf1 Nxe4+ 26. fxe4 Bxe3+ 27. Nxe3 Qd2 28.
Qh6 Rxc1 29. Nxc1 Qxc1 30. Rh2 Be8 31. Qxh7+ Kf8 32. Qh8+ Ke7 33. Qf6+ Kd7 34.
Bg4+ 1-0

[Event "6. Open Internacional de Galapagar"]
[Site "Galapagar ESP"]
[Date "2005.07.30"]
[Round "8.7"]
[White "Escobar, Alder"]
[Black "Perez Marco, Ricardo"]
[Result "1-0"]
[WhiteElo "2416"]
[BlackElo "2232"]
[PlyCount "41"]
[EventDate "2005.07.23"]
[EventType "swiss"]
[EventRounds "9"]
[EventCountry "ESP"]
[Source "lmi"]
[SourceDate "2005.07.30"]

1. e4 c5 2. Nf3 e6 3. d4 cxd4 4. Nxd4 Nf6 5. Nc3 d6 6. Bc4 a6 7. Bb3 b5 8. O-O
b4 9. Na4 Bb7 10. f3 d5 11. e5 Nfd7 12. f4 Nc6 13. f5 Nxd4 14. Qxd4 Qc7 15.
fxe6 fxe6 16. Bg5 Bc6 17. Qg4 Nc5 18. Rxf8+ Rxf8 19. Nxc5 Bd7 20. Nxd7 Qxd7 21.
Ba4 1-0